书目信息 |
| 题名: |
微波电子管原理
|
|
| 作者: | 张兆镗 编 | |
| 分册: | 下册 | |
| 出版信息: | 北京 国防工业出版社 1981 |
|
| 页数: | 197页 | |
| 开本: | 25cm | |
| 丛书名: | ||
| 单 册: | ||
| 中图分类: | TN12 | |
| 科图分类: | ||
| 主题词: | 微波管--理论 | |
| 电子资源: | ||
| ISBN: | ||
| 000 | 00639nam0 2200241 45 | |
| 001 | 0180005947 | |
| 005 | 20040520082000.5 | |
| 010 | @dCNY1.35 | |
| 091 | @a15034.2100 | |
| 100 | @a19950510f19811981emky0chiy0121 ea | |
| 101 | 0 | @achi |
| 102 | @aCN@b110000 | |
| 105 | @ay z 000yy | |
| 106 | @ar | |
| 200 | 10 | @a微波电子管原理@h下册@Awei bo dian zi guan yuan li@f张兆镗编@FZhang Zhao Tang Bian |
| 210 | @a北京@c国防工业出版社@d1981 | |
| 215 | @a197页@d25cm | |
| 606 | @a微波管@x理论 | |
| 690 | @aTN12@v3 | |
| 701 | 0 | @a张兆镗@4编 |
| 801 | 0 | @aCN@b上海图书馆@c20040520 |
| 801 | 2 | @aCN@bNLC@c20040520 |
| 905 | @f1@b74277@dTN12@e4:2 | |
| 微波电子管原理.下册/张兆镗编.-北京:国防工业出版社,1981 |
| 197页;25cm |
| ISBN :CNY1.35 |
| ● |
| 相关链接 |
|
|
|
|
正题名:微波电子管原理
索取号:TN12/4:2
 
预约/预借
| 序号 | 登录号 | 条形码 | 馆藏地/架位号 | 状态 | 备注 |
| 1 | 0074277 | 001350095 | 第三借阅区/ [索取号:TN12/4:2] | 在馆 | |
| 2 | 0074278 | 001350059 | 第二样本阅览室/ [索取号:TN12/4:2] | 在馆 |